000 01115nam a2200205Ia 4500
001 b2885-25116 [4116]
003 IT-MiCISF
008 161014s9999||||xx |||||||||||||| ||und||
040 _aIT-MiCISF
_cIT-MiCISF
041 _ait
100 _aMelchiorre Virgilio (a cura di)
245 0 _aMaschio-femmina: nuovi padri e nuove madri
250 _a1a ed.
260 _aCinisello Balsamo (MI)
_bPaoline
_c1992
300 _app. 224
500 _aAncona L., Angelini G., Boccacin L., Campanini G., Costa F., De Benedetti P., Di Nicola G.P., Di Nicola P., Giuliodori C., Kleeman J., Melchiorre V., Padiglione V., Piana G., Pietropolli Charmet G., Pontalti C. - Contiene gli atti dei Convegni del Cisf del 1990 "La coppia e il suo progetto" e del 1991 "Nuovi padri e nuove madri". / genitorialità, famiglia, coppia, sociologia, infanzia, abuso-di-minore, procreazione, maternità, paternità, psicoanalisi, donna, rapporti-uomo-donna, associazionismo, pastorale-familiare, teologia, religioni-non-cattoliche, religioni-non-cristiane /
650 _agenitorialità
942 _cBK
957 _71
999 _a25116
_bsi
_g1
_c214542
_d214542